[Event "SVG Plettenberg 1 - Düsseldorfer SK 1"]
[Site "Oberliga NRW 2014/2015"]
[Date "2015.01.11"]
[Round "5.5"]
[White "van Assendelft, Floris"]
[Black "Gutheil, Heinrich"]
[Result "1-0"]
[WhiteElo "2324"]
[BlackElo "2137"]
[PlyCount "87"]
[EventDate "2015.??.??"]
[WhiteTeam "Düsseldorfer SK 1"]
[BlackTeam "SVG Plettenberg 1"]

1. e4 g6 2. d4 Bg7 3. Nc3 c6 4. Be3 d5 5. Qd2 Nf6 6. e5 Ng4 7. Bf4 f6 8. exf6
Nxf6 9. Nf3 O-O 10. Bd3 c5 11. dxc5 Nc6 12. O-O Qa5 13. Bb5 Bg4 14. Bxc6 bxc6
15. Nd4 Qxc5 16. Be5 Rae8 17. f3 Bc8 18. Na4 Qc4 19. b3 Qa6 20. Qd3 Qb7 21. Kh1
Nh5 22. Rfe1 Bxe5 23. Rxe5 Qc7 24. Rae1 Qd6 25. Qc3 Bd7 26. Nc5 Rf6 27. Qa5 a6
28. Qb6 Kf7 29. b4 g5 30. Qa7 Bc8 31. Nd3 Nf4 32. Rxg5 Nxd3 33. cxd3 Qxb4 34.
Rge5 Qd6 35. Nb3 Re6 36. Qd4 Rxe5 37. Rxe5 Qf6 38. Qe3 Bf5 39. f4 Rb8 40. h3 h5
41. Nd4 Rb1+ 42. Kh2 Bxd3 43. Re6 Qh4 44. Nf3 1-0

[Event "SVG Plettenberg 1 - Düsseldorfer SK 1"]
[Site "Oberliga NRW 2014/2015"]
[Date "2015.01.11"]
[Round "5.6"]
[White "Pieper, Dawid"]
[Black "Duijker, Rick"]
[Result "1-0"]
[WhiteElo "2134"]
[BlackElo "2252"]
[Annotator "Hausrath,Daniel"]
[PlyCount "82"]
[EventDate "2015.??.??"]
[WhiteTeam "SVG Plettenberg 1"]
[BlackTeam "Düsseldorfer SK 1"]

1. e4 e6 2. d3 c5 3. Nf3 Nc6 4. g3 Nge7 5. Bg2 d5 6. Qe2 g6 7. O-O Bg7 8. e5
Bd7 9. c3 Qc7 10. Re1 O-O-O 11. Na3 a6 12. Nc2 Kb8 13. Bf4 h6 14. h4 Rdg8 15.
b4 cxb4 16. cxb4 g5 17. hxg5 Ng6 18. Be3 $11 Ncxe5 19. Ncd4 Nxf3+ 20. Qxf3 Ne5
21. Qe2 hxg5 22. Rac1 Qd8 23. Nb3 Nc6 24. Nc5 Bf8 25. d4 Nxb4 26. Rb1 Bb5 27.
Qd2 Bxc5 28. dxc5 Nc6 29. a4 Bxa4 30. Rb6 Bb5 31. Rb1 Kc8 32. Qa2 Qc7 33. Bf1
Bxf1 34. Rxb7 Qe5 35. Qa4 Bb5 36. R1xb5 axb5 37. Qa8+ Nb8 38. Rxf7 Rh1+ 39.
Kxh1 Qe4+ 40. Kg1 Qb1+ 41. Kg2 Qg6 1-0

[Event "SVG Plettenberg 1 - Düsseldorfer SK 1"]
[Site "Oberliga NRW 2014/2015"]
[Date "2015.01.11"]
[Round "5.7"]
[White "Berndt, Axel"]
[Black "Kuhnen, Thomas"]
[Result "1-0"]
[WhiteElo "2134"]
[BlackElo "2056"]
[PlyCount "33"]
[EventDate "2015.??.??"]
[WhiteTeam "Düsseldorfer SK 1"]
[BlackTeam "SVG Plettenberg 1"]

1. e4 e6 2. d4 d5 3. Nc3 Bb4 4. e5 c5 5. a3 Ba5 6. b4 cxb4 7. Nb5 Bc7 8. Qg4
Ne7 9. Qxg7 Rg8 10. Qxh7 Nbc6 11. Nf3 a6 12. axb4 Rb8 13. Nxc7+ Qxc7 14. Bb2
Rg4 15. c3 Ng6 16. g3 Nxb4 17. Kd2 1-0

[Event "SVG Plettenberg 1 - Düsseldorfer SK 1"]
[Site "Oberliga NRW 2014/2015"]
[Date "2015.01.11"]
[Round "5.8"]
[White "Richardt, Mike"]
[Black "Partenheimer, Axel"]
[Result "1/2-1/2"]
[WhiteElo "1985"]
[BlackElo "2068"]
[PlyCount "43"]
[EventDate "2015.??.??"]
[WhiteTeam "SVG Plettenberg 1"]
[BlackTeam "Düsseldorfer SK 1"]

1. d4 d5 2. Nf3 Nf6 3. e3 c6 4. c4 Bg4 5. Qb3 Qb6 6. Ne5 Bf5 7. c5 Qc7 8. Nc3
e6 9. f4 Be7 10. Be2 h6 11. Bd2 Nbd7 12. a4 Ne4 13. Nxe4 Bxe4 14. O-O O-O 15.
Bd3 Nf6 16. Rac1 Rfe8 17. Be1 Bxd3 18. Qxd3 Ne4 19. b4 f6 20. Nf3 a6 21. a5 Qd7
22. Nd2 1/2-1/2

[Event "SV Wattenscheid 1 - SV Dinslaken 1"]
[Site "Oberliga NRW 2014/2015"]
[Date "2015.01.11"]
[Round "5.1"]
[White "Sielecki, Christof"]
[Black "Tereick, Benjamin"]
[Result "1/2-1/2"]
[WhiteElo "2452"]
[BlackElo "2421"]
[PlyCount "138"]
[EventDate "2015.??.??"]
[WhiteTeam "SV Dinslaken 1"]
[BlackTeam "SV Wattenscheid 1"]

1. d4 d5 2. c4 c6 3. Nf3 Nf6 4. Nc3 dxc4 5. a4 Bf5 6. Ne5 e6 7. f3 Bb4 8. Bg5
h6 9. Bh4 b5 10. e4 Bh7 11. Be2 Qb6 12. Bf2 Qb7 13. Rc1 Nbd7 14. Nxd7 Qxd7 15.
axb5 cxb5 16. b3 Bxe4 17. bxc4 Bc6 18. d5 exd5 19. cxb5 Bxb5 20. Bc5 d4 21.
Bxb4 dxc3 22. O-O O-O-O 23. Qxd7+ Bxd7 24. Rxc3+ Kb7 25. Bd6 Nd5 26. Rb1+ Ka8
27. Rc5 Be6 28. Ba6 Rxd6 29. Bb7+ Kb8 30. Bxd5+ Rb6 31. Ra1 Rd8 32. Be4 Rb2 33.
Rca5 Rdd2 34. f4 Rd4 35. Bf3 Rxf4 36. Rxa7 Rb1+ 37. Rxb1+ Kxa7 38. Rd1 Kb6 39.
Bd5 Kc5 40. Bf3 g5 41. Rd8 Bc4 42. Rc8+ Kd4 43. Rd8+ Ke5 44. Re8+ Kf5 45. h3
Kg6 46. Re4 Rxe4 47. Bxe4+ f5 48. Bc6 Kf6 49. Kf2 Ke5 50. Bf3 Bd5 51. Be2 Bf7
52. Bf3 h5 53. Be2 h4 54. Bb5 Kf4 55. Bc6 Ba2 56. Bb7 Bb1 57. Bc8 Be4 58. Bd7
Bb7 59. Be6 Bc6 60. Bc8 Ke5 61. Ba6 Bd7 62. Be2 Kf4 63. Ba6 g4 64. hxg4 fxg4
65. g3+ hxg3+ 66. Kg1 Bc6 67. Bc4 Kg5 68. Bd3 Kh4 69. Bc4 g2 1/2-1/2

[Event "SV Wattenscheid 1 - SV Dinslaken 1"]
[Site "Oberliga NRW 2014/2015"]
[Date "2015.01.11"]
[Round "5.2"]
[White "Hopman, Pieter"]
[Black "Trella, Thomas"]
[Result "1/2-1/2"]
[WhiteElo "2363"]
[BlackElo "2378"]
[Annotator "Hausrath,Daniel"]
[PlyCount "73"]
[EventDate "2015.??.??"]
[WhiteTeam "SV Wattenscheid 1"]
[BlackTeam "SV Dinslaken 1"]

1. Nf3 d5 2. d4 Nf6 3. c4 e6 4. g3 Bb4+ 5. Bd2 Be7 6. Bg2 O-O 7. O-O c6 8. Bf4
b6 9. Nc3 Bb7 10. Ne5 Nbd7 11. e4 Nxe5 12. dxe5 Nxe4 13. Nxe4 dxe4 14. Bxe4 Qc7
15. Qh5 g6 16. Qf3 Rab8 17. Rfd1 c5 18. Bxb7 Qxb7 19. Qxb7 Rxb7 20. Rd3 Rd8 21.
Rad1 Rxd3 22. Rxd3 h5 $11 23. h3 f6 24. h4 Kf7 25. a4 Ke8 26. Rb3 f5 27. a5 Kd7
28. axb6 axb6 29. Bd2 Kc6 30. Ra3 Rd7 31. Be3 Kb7 32. Kg2 Bf8 33. Kf3 Bg7 34.
Kf4 Bh6+ 35. Kf3 Bg7 36. Kf4 Bh6+ 37. Kf3 1/2-1/2

[Event "SV Wattenscheid 1 - SV Dinslaken 1"]
[Site "Oberliga NRW 2014/2015"]
[Date "2015.01.11"]
[Round "5.3"]
[White "Kern, Guido"]
[Black "Straeter, Timo"]
[Result "1/2-1/2"]
[WhiteElo "2295"]
[BlackElo "2284"]
[PlyCount "85"]
[EventDate "2015.??.??"]
[WhiteTeam "SV Dinslaken 1"]
[BlackTeam "SV Wattenscheid 1"]

1. Nf3 d5 2. d4 Nf6 3. c4 c6 4. e3 Bg4 5. Qb3 Qb6 6. Nc3 e6 7. Nh4 Nbd7 8. h3
Bh5 9. g4 Bg6 10. Nxg6 hxg6 11. Bg2 Be7 12. Bd2 g5 13. O-O-O O-O-O 14. Kb1 Qxb3
15. axb3 Kb8 16. Bc1 Bb4 17. e4 Bxc3 18. bxc3 Nxe4 19. Bxe4 dxe4 20. Bxg5 Rde8
21. Rde1 f5 22. gxf5 exf5 23. Bf4+ Kc8 24. Reg1 Rh4 25. Bg5 Rh7 26. Bf4 Rh4 27.
Bg5 Rh7 28. Kc2 Reh8 29. h4 Nf6 30. Kd2 Kd7 31. b4 Ke6 32. Ra1 a6 33. Ra5 Ng4
34. Ke2 Rh5 35. Rg1 Rxh4 36. Bxh4 Rxh4 37. b5 axb5 38. cxb5 Rh2 39. bxc6 bxc6
40. Rxg4 fxg4 41. Rg5 Rh3 42. Rxg4 Rxc3 43. Rxe4+ 1/2-1/2

[Event "SV Wattenscheid 1 - SV Dinslaken 1"]
[Site "Oberliga NRW 2014/2015"]
[Date "2015.01.11"]
[Round "5.4"]
[White "Schoorl, Rob"]
[Black "Mundorf, Johannes"]
[Result "1/2-1/2"]
[WhiteElo "2293"]
[BlackElo "2248"]
[PlyCount "52"]
[EventDate "2015.??.??"]
[WhiteTeam "SV Wattenscheid 1"]
[BlackTeam "SV Dinslaken 1"]

1. e4 e6 2. d3 d5 3. Nd2 Nf6 4. Ngf3 b6 5. c3 c5 6. e5 Nfd7 7. d4 a5 8. Bb5 Be7
9. O-O O-O 10. Re1 Qc7 11. Nf1 Nc6 12. a3 Ba6 13. Ba4 b5 14. Bc2 b4 15. Bg5
Rfe8 16. Bxe7 Rxe7 17. Bxh7+ Kxh7 18. Ng5+ Kg8 19. Qh5 Nf8 20. Re3 f6 21. Rh3
fxg5 22. Qh8+ Kf7 23. Rf3+ Kg6 24. Rh3 Kf7 25. Rf3+ Kg6 26. Rh3 Kf7 1/2-1/2

[Event "SV Wattenscheid 1 - SV Dinslaken 1"]
[Site "Oberliga NRW 2014/2015"]
[Date "2015.01.11"]
[Round "5.5"]
[White "Stillger, Bernhard"]
[Black "Thiel, Thomas"]
[Result "1/2-1/2"]
[WhiteElo "2193"]
[BlackElo "2296"]
[PlyCount "34"]
[EventDate "2015.??.??"]
[WhiteTeam "SV Dinslaken 1"]
[BlackTeam "SV Wattenscheid 1"]

1. Nf3 d5 2. d4 c6 3. Bf4 Bf5 4. e3 e6 5. Bd3 Bg6 6. O-O Bd6 7. Bg3 Nf6 8. c4
Bxg3 9. hxg3 Qb6 10. b3 Nbd7 11. Nc3 O-O 12. Bxg6 hxg6 13. Qc2 Rfd8 14. e4 dxe4
15. Nxe4 c5 16. dxc5 Nxc5 17. Nxc5 Qxc5 1/2-1/2

[Event "SV Wattenscheid 1 - SV Dinslaken 1"]
[Site "Oberliga NRW 2014/2015"]
[Date "2015.01.11"]
[Round "5.6"]
[White "Franke, Johannes"]
[Black "Ossig, Rainer"]
[Result "1/2-1/2"]
[WhiteElo "2279"]
[BlackElo "2125"]
[PlyCount "46"]
[EventDate "2015.??.??"]
[WhiteTeam "SV Wattenscheid 1"]
[BlackTeam "SV Dinslaken 1"]

1. e4 e6 2. d3 c5 3. Nc3 Nc6 4. g3 g6 5. Bg2 Bg7 6. f4 d6 7. Nf3 Nge7 8. O-O
O-O 9. Be3 Nd4 10. e5 Nef5 11. Bf2 Bd7 12. Ne4 Nxf3+ 13. Bxf3 Bc6 14. c3 h5 15.
exd6 b6 16. Nf6+ Bxf6 17. Bxc6 Rc8 18. Be4 Nxd6 19. Qa4 Qc7 20. Rad1 Rfd8 21.
Bf3 Nf5 22. Rd2 Rd7 23. Rfd1 Rcd8 1/2-1/2

[Event "SV Wattenscheid 1 - SV Dinslaken 1"]
[Site "Oberliga NRW 2014/2015"]
[Date "2015.01.11"]
[Round "5.7"]
[White "Walter, Andreas"]
[Black "Hirsch, Stefan"]
[Result "1/2-1/2"]
[WhiteElo "2103"]
[BlackElo "2226"]
[PlyCount "31"]
[EventDate "2015.??.??"]
[WhiteTeam "SV Dinslaken 1"]
[BlackTeam "SV Wattenscheid 1"]

1. d4 Nf6 2. c4 e6 3. Nc3 Bb4 4. e3 O-O 5. Nge2 d5 6. a3 Be7 7. cxd5 exd5 8. g3
Nbd7 9. Bg2 c6 10. O-O Re8 11. b4 a6 12. f3 Nb6 13. Qd3 a5 14. Rb1 axb4 15.
axb4 Be6 16. Nf4 1/2-1/2

[Event "SV Wattenscheid 1 - SV Dinslaken 1"]
[Site "Oberliga NRW 2014/2015"]
[Date "2015.01.11"]
[Round "5.8"]
[White "De Weerd, Warner"]
[Black "Cebulla, Konstantin"]
[Result "0-1"]
[WhiteElo "2196"]
[BlackElo "2052"]
[PlyCount "38"]
[EventDate "2015.??.??"]
[WhiteTeam "SV Wattenscheid 1"]
[BlackTeam "SV Dinslaken 1"]

1. d4 d5 2. c4 e6 3. g3 Nf6 4. Bg2 dxc4 5. Qa4+ Nbd7 6. Nc3 a6 7. Qxc4 e5 8.
Nf3 exd4 9. Qxd4 Bc5 10. Qh4 O-O 11. O-O Re8 12. Rd1 Qe7 13. Bg5 c6 14. Nd4 h6
15. Be3 Nf8 16. Nc2 Bg4 17. Ne4 Nxe4 18. Qxe7 Rxe7 19. Bxe4 Bxe3 0-1

[Event "SV Dinslaken 1 - SV Mülheim-Nord 2"]
[Site "Oberliga NRW 2014/2015"]
[Date "2015.02.08"]
[Round "6.1"]
[White "Zwirs, Nico"]
[Black "Sielecki, Christof"]
[Result "0-1"]
[WhiteElo "2323"]
[BlackElo "2456"]
[PlyCount "84"]
[EventDate "2015.??.??"]
[WhiteTeam "SV Mülheim-Nord 2"]
[BlackTeam "SV Dinslaken 1"]

1. e4 e5 2. Nf3 Nc6 3. Bb5 a6 4. Ba4 Nf6 5. O-O Be7 6. Re1 d6 7. Bxc6+ bxc6 8.
d4 exd4 9. Nxd4 Bd7 10. c4 O-O 11. Nc3 Re8 12. Qf3 h6 13. Bf4 c5 14. Nf5 Bxf5
15. exf5 Qd7 16. b3 Bf8 17. Bg3 Rxe1+ 18. Rxe1 Re8 19. Rxe8 Qxe8 20. Kf1 c6 21.
Bh4 Qe5 22. Bxf6 Qxf6 23. g3 g6 24. Ne4 Qa1+ 25. Kg2 g5 26. Qc3 Qxc3 27. Nxc3
Kg7 28. Kf3 Kf6 29. Ke4 h5 30. h3 g4 31. hxg4 hxg4 32. Kf4 Bh6+ 33. Kxg4 Ke5
34. f4+ Kd4 35. Na4 d5 36. cxd5 cxd5 37. Kf3 c4 38. bxc4 dxc4 39. f6 c3 40.
Nxc3 Kxc3 41. g4 Kd4 42. Kg3 Ke4 0-1

[Event "SV Dinslaken 1 - SV Mülheim-Nord 2"]
[Site "Oberliga NRW 2014/2015"]
[Date "2015.02.08"]
[Round "6.2"]
[White "Trella, Thomas"]
[Black "Rezasade, Amir"]
[Result "1/2-1/2"]
[WhiteElo "2378"]
[BlackElo "2259"]
[Annotator "Hausrath,Daniel"]
[PlyCount "52"]
[EventDate "2015.??.??"]
[WhiteTeam "SV Dinslaken 1"]
[BlackTeam "SV Mülheim-Nord 2"]

1. Nf3 c5 2. c4 Nf6 3. g3 d5 4. cxd5 Nxd5 5. Bg2 Nc6 6. d4 cxd4 7. Nxd4 Ndb4 8.
Nxc6 Qxd1+ 9. Kxd1 Nxc6 10. Nc3 Bf5 11. Bxc6+ bxc6 12. f3 e5 13. Be3 Be7 14.
Ke1 Rb8 15. Na4 c5 16. b3 c4 17. bxc4 Rb4 18. Nc3 Rxc4 19. Nd5 Be6 20. Nxe7
Kxe7 21. Kf2 $11 a6 22. a3 Rb8 23. Rab1 Rxb1 24. Rxb1 Rc2 25. Rd1 Bc4 26. Rd2
Rxd2 1/2-1/2

[Event "SV Dinslaken 1 - SV Mülheim-Nord 2"]
[Site "Oberliga NRW 2014/2015"]
[Date "2015.02.08"]
[Round "6.3"]
[White "Smith, Thijmen"]
[Black "Kern, Guido"]
[Result "1-0"]
[WhiteElo "2215"]
[BlackElo "2295"]
[Annotator "Hausrath,Daniel"]
[PlyCount "79"]
[EventDate "2015.??.??"]
[WhiteTeam "SV Mülheim-Nord 2"]
[BlackTeam "SV Dinslaken 1"]

1. e4 e6 2. d4 d5 3. Nd2 c5 4. Ngf3 Nc6 5. Bb5 a6 6. exd5 axb5 7. dxc6 bxc6 8.
dxc5 Bxc5 9. O-O Nf6 10. Nb3 Qxd1 11. Rxd1 Bb6 12. Ne5 Bb7 13. Nd3 Nd5 14. Ndc5
Bc8 15. a4 Ke7 16. Bd2 Bd7 17. a5 Ba7 18. Bc3 f6 19. Bb4 Bc8 20. c3 Nxb4 21.
cxb4 e5 22. Rac1 Rd8 23. Rxd8 Kxd8 24. Kf1 Bf5 25. f3 h5 26. Ke2 Kc7 27. Na6+
Kd6 28. Rd1+ Ke7 29. Nac5 Rd8 30. Rxd8 Kxd8 31. Kd2 Kc7 32. Kc3 Kd6 33. Nb7+
Kd5 34. N7c5 g5 35. a6 g4 36. Nd2 Bg6 37. Nd7 f5 38. Nc5 h4 39. fxg4 fxg4 40.
Nf1 {ZÜ} 1-0

[Event "SV Dinslaken 1 - SV Mülheim-Nord 2"]
[Site "Oberliga NRW 2014/2015"]
[Date "2015.02.08"]
[Round "6.4"]
[White "Mundorf, Johannes"]
[Black "Buckels, Valentin"]
[Result "1/2-1/2"]
[WhiteElo "2250"]
[BlackElo "2156"]
[PlyCount "47"]
[EventDate "2015.??.??"]
[WhiteTeam "SV Dinslaken 1"]
[BlackTeam "SV Mülheim-Nord 2"]

1. Nf3 Nf6 2. g3 e6 3. Bg2 d5 4. O-O Be7 5. c4 dxc4 6. Na3 Qd5 7. Qc2 Qc5 8.
Qxc4 Qxc4 9. Nxc4 b6 10. Nd4 Nd5 11. e4 Nb4 12. a3 N4c6 13. Nc2 Ba6 14. d3 Nd7
15. e5 Bb7 16. d4 O-O-O 17. Be3 b5 18. Bxc6 Bxc6 19. Na5 Bd5 20. Nb4 Bxb4 21.
axb4 c6 22. Rfc1 Nb8 23. Rc3 Rd7 24. h3 1/2-1/2

[Event "SV Dinslaken 1 - SV Mülheim-Nord 2"]
[Site "Oberliga NRW 2014/2015"]
[Date "2015.02.08"]
[Round "6.5"]
[White "Nachbar, Benjamin"]
[Black "Stillger, Bernhard"]
[Result "1/2-1/2"]
[WhiteElo "2179"]
[BlackElo "2188"]
[Annotator "Hausrath,Daniel"]
[PlyCount "68"]
[EventDate "2015.??.??"]
[WhiteTeam "SV Mülheim-Nord 2"]
[BlackTeam "SV Dinslaken 1"]

1. c4 c5 2. g3 g6 3. Bg2 Bg7 4. Nc3 Nc6 5. d3 d6 6. Qd2 Qd7 7. b3 b6 8. Bb2 Bb7
9. e3 Ne5 10. f3 Nf6 11. Rd1 O-O 12. Qe2 Rad8 13. f4 Bxg2 14. Qxg2 Neg4 15. Qf3
d5 16. h3 Nxe3 17. Qxe3 d4 18. Qf3 dxc3 19. Bxc3 Nh5 20. Bxg7 Nxg7 21. Ne2 Nf5
22. O-O $11 Qe6 23. Rfe1 Qf6 24. g4 Nd4 25. Nxd4 Rxd4 26. f5 e6 27. Rf1 exf5
28. gxf5 Qxf5 29. Qxf5 gxf5 30. Rxf5 f6 31. Kf2 Kf7 32. Ke3 Rg8 33. Rdf1 Rg3+
34. R1f3 Rxf3+ 1/2-1/2

[Event "SV Dinslaken 1 - SV Mülheim-Nord 2"]
[Site "Oberliga NRW 2014/2015"]
[Date "2015.02.08"]
[Round "6.6"]
[White "Ossig, Rainer"]
[Black "van Osch, Mees"]
[Result "0-1"]
[WhiteElo "2125"]
[BlackElo "2307"]
[PlyCount "74"]
[EventDate "2015.??.??"]
[WhiteTeam "SV Dinslaken 1"]
[BlackTeam "SV Mülheim-Nord 2"]

1. Nf3 g6 2. d4 Bg7 3. e4 d6 4. Be2 Nf6 5. Nc3 c6 6. a4 O-O 7. O-O Bg4 8. Be3
Nbd7 9. Qd2 c5 10. d5 Qa5 11. Ra3 a6 12. Ng5 h6 13. Nf3 Kh7 14. Re1 Nb6 15. Nb1
Qxd2 16. Nbxd2 Nfd7 17. Ng5+ hxg5 18. Bxg4 f5 19. Bxg5 fxg4 20. Bxe7 Bxb2 21.
Rb3 Bd4 22. Bxf8 Rxf8 23. Re2 a5 24. Rb5 Nxa4 25. Rxb7 Rf7 26. Nb3 Nc3 27. Nxd4
cxd4 28. Re1 Kg7 29. Ra7 a4 30. Ra6 Nc5 31. Rxd6 N5xe4 32. Re6 a3 33. f3 gxf3
34. gxf3 Ng5 35. Kf2 Nxe6 36. dxe6 Re7 37. Re5 a2 0-1

[Event "SV Dinslaken 1 - SV Mülheim-Nord 2"]
[Site "Oberliga NRW 2014/2015"]
[Date "2015.02.08"]
[Round "6.7"]
[White "Bus, Tom"]
[Black "Cebulla, Konstantin"]
[Result "1-0"]
[WhiteElo "2105"]
[BlackElo "2056"]
[PlyCount "55"]
[EventDate "2015.??.??"]
[WhiteTeam "SV Mülheim-Nord 2"]
[BlackTeam "SV Dinslaken 1"]

1. c4 e6 2. Nf3 d5 3. g3 dxc4 4. Qa4+ Nd7 5. Qxc4 a6 6. Bg2 b5 7. Qc2 Bb7 8.
O-O c5 9. a4 Ngf6 10. d3 Be7 11. Bg5 O-O 12. Nc3 Nd5 13. Bxe7 Qxe7 14. axb5
Nxc3 15. bxc3 axb5 16. Rxa8 Rxa8 17. Rb1 Bxf3 18. Bxf3 Rb8 19. Bc6 b4 20. d4
Nf6 21. Qa4 cxd4 22. Rxb4 Rxb4 23. cxb4 Nd5 24. Qa8+ Qf8 25. Bxd5 exd5 26.
Qxf8+ Kxf8 27. Kf1 Ke7 28. Ke1 1-0

[Event "SV Dinslaken 1 - SV Mülheim-Nord 2"]
[Site "Oberliga NRW 2014/2015"]
[Date "2015.02.08"]
[Round "6.8"]
[White "Graeber, Ralf"]
[Black "Krueger, Andre"]
[Result "0-1"]
[WhiteElo "2099"]
[BlackElo "2062"]
[PlyCount "90"]
[EventDate "2015.??.??"]
[WhiteTeam "SV Dinslaken 1"]
[BlackTeam "SV Mülheim-Nord 2"]

1. Nf3 Nf6 2. g3 e6 3. Bg2 d5 4. O-O Be7 5. d3 b6 6. c4 Bb7 7. Ne5 O-O 8. Nd2
Nbd7 9. Ndf3 Nxe5 10. Nxe5 Bd6 11. d4 Qc8 12. cxd5 Nxd5 13. Nd3 Nf6 14. Bf4
Bxg2 15. Kxg2 Qb7+ 16. Kg1 Bxf4 17. Nxf4 Rfd8 18. e3 c5 19. Ne2 e5 20. Rc1 Rd7
21. Rc4 Rad8 22. Qd3 Qf3 23. Nc1 exd4 24. exd4 Qxd3 25. Nxd3 Rxd4 26. Rxd4 Rxd4
27. Ne5 Rd2 28. Nc4 Rc2 29. Rd1 Kf8 30. Ne3 Rxb2 31. Nf5 Re2 32. Rd8+ Re8 33.
Rd6 g6 34. Ne3 Ke7 35. Rd3 Rd8 36. Ra3 Rd7 37. Nc4 Nd5 38. Ne5 Rc7 39. Rxa7
Rxa7 40. Nc6+ Kd7 41. Nxa7 Nc3 42. a3 Kc7 43. a4 Kb7 44. Nb5 Nxb5 45. axb5 Kc7
0-1

[Event "SV Wattenscheid 1 - SVG Plettenberg 1"]
[Site "Oberliga NRW 2014/2015"]
[Date "2015.02.08"]
[Round "6.1"]
[White "Haub, Thorsten Michael"]
[Black "Mladenov, Svetlin"]
[Result "1-0"]
[WhiteElo "2358"]
[BlackElo "2439"]
[PlyCount "107"]
[EventDate "2015.??.??"]
[WhiteTeam "SVG Plettenberg 1"]
[BlackTeam "SV Wattenscheid 1"]

1. Nf3 Nf6 2. g3 d5 3. Bg2 c6 4. O-O Bg4 5. d3 Nbd7 6. Qe1 e5 7. e4 dxe4 8.
dxe4 Be7 9. Nbd2 O-O 10. Nc4 Qc7 11. Ne3 Bh5 12. Nf5 Bc5 13. h3 Rfe8 14. a4 Bf8
15. b3 Nc5 16. N3h4 a5 17. Kh1 b5 18. f3 bxa4 19. bxa4 Reb8 20. Bd2 Nfd7 21. f4
f6 22. g4 Bf7 23. g5 fxg5 24. fxg5 Ne6 25. Qg3 g6 26. Nh6+ Bxh6 27. gxh6 Rf8
28. Nf3 Nf4 29. Ng5 Bc4 30. Rf2 Qd6 31. Qc3 Qb4 32. Qxb4 axb4 33. Bxb4 c5 34.
Bd2 Ra6 35. Bf1 Bxf1 36. Rfxf1 Nb6 37. Bxf4 exf4 38. Ne6 Rf6 39. Nxc5 Ra5 40.
e5 Rc6 41. Nd3 g5 42. Rg1 Rxh6 43. Rxg5+ Kf8 44. Nxf4 Nd7 45. Rf1 Ke8 46. c4
Rxa4 47. Nd5 Rg6 48. Rxg6 hxg6 49. e6 Nc5 50. Rf7 Ra1+ 51. Kg2 Re1 52. Rf6 g5
53. e7 Kd7 54. Rf8 1-0

[Event "SV Wattenscheid 1 - SVG Plettenberg 1"]
[Site "Oberliga NRW 2014/2015"]
[Date "2015.02.08"]
[Round "6.2"]
[White "Tereick, Benjamin"]
[Black "Bosch, Jeroen"]
[Result "1-0"]
[WhiteElo "2421"]
[BlackElo "2342"]
[PlyCount "105"]
[EventDate "2015.??.??"]
[WhiteTeam "SV Wattenscheid 1"]
[BlackTeam "SVG Plettenberg 1"]

1. Nf3 d5 2. g3 Nf6 3. Bg2 c5 4. O-O Nc6 5. d4 e6 6. c4 Be7 7. dxc5 Bxc5 8. a3
a6 9. cxd5 exd5 10. Nc3 O-O 11. b4 Ba7 12. Bg5 Be6 13. Bxf6 gxf6 14. Rc1 Rc8
15. Qd2 Qe7 16. e3 Rfd8 17. Ne2 Ne5 18. Rxc8 Bxc8 19. Nxe5 fxe5 20. Bxd5 Kh8
21. Qc2 Bg4 22. Bg2 f5 23. h3 Bh5 24. Rd1 Rf8 25. Rd2 Qg7 26. Qb2 b5 27. Rd5
Bb8 28. Qd2 Qf6 29. Nc3 Bg6 30. Rd7 f4 31. Nd5 Qf5 32. Ne7 Qb1+ 33. Kh2 fxg3+
34. fxg3 Qc2 35. Nxg6+ Qxg6 36. Rd8 Qf6 37. Rxf8+ Qxf8 38. Be4 Qd6 39. Qxd6
Bxd6 40. Bb7 a5 41. bxa5 Bxa3 42. Bc6 Bc5 43. Bxb5 Bxe3 44. Kg2 Kg7 45. Kf3 Bg1
46. Ke4 Kf6 47. Kd5 h6 48. Bd3 Bf2 49. a6 Ke7 50. Kc6 Kd8 51. Kb7 Kd7 52. Be4
Kd6 53. g4 1-0

[Event "SV Wattenscheid 1 - SVG Plettenberg 1"]
[Site "Oberliga NRW 2014/2015"]
[Date "2015.02.08"]
[Round "6.3"]
[White "Klip, Hans"]
[Black "Hopman, Pieter"]
[Result "1-0"]
[WhiteElo "2316"]
[BlackElo "2369"]
[PlyCount "63"]
[EventDate "2015.??.??"]
[WhiteTeam "SVG Plettenberg 1"]
[BlackTeam "SV Wattenscheid 1"]

1. f4 d6 2. Nf3 g6 3. Nc3 Bg7 4. e4 c6 5. Bc4 e6 6. d4 d5 7. Bb3 dxe4 8. Nxe4
Ne7 9. O-O O-O 10. c3 Nd7 11. Ne5 Nf6 12. Nxf6+ Bxf6 13. Qf3 Qc7 14. Be3 b6 15.
Qh3 Nd5 16. Rae1 Nxe3 17. Rxe3 c5 18. dxc5 Qxc5 19. Kh1 a5 20. Rfe1 Ra7 21. Qg3
b5 22. f5 exf5 23. Nxg6 f4 24. Nxf4+ Kh8 25. Re8 Bg7 26. Rxf8+ Bxf8 27. Re8 Bf5
28. Nh5 Bg6 29. Qb8 Bxh5 30. Rxf8+ Kg7 31. Rg8+ Kf6 32. Qf4+ 1-0

[Event "SV Wattenscheid 1 - SVG Plettenberg 1"]
[Site "Oberliga NRW 2014/2015"]
[Date "2015.02.08"]
[Round "6.4"]
[White "Kerigan, Demre"]
[Black "Jansen, Dirk Norbert"]
[Result "1-0"]
[WhiteElo "2374"]
[BlackElo "2114"]
[PlyCount "89"]
[EventDate "2015.??.??"]
[WhiteTeam "SV Wattenscheid 1"]
[BlackTeam "SVG Plettenberg 1"]

1. e4 e6 2. d4 d5 3. Nd2 c5 4. exd5 Qxd5 5. Ngf3 cxd4 6. Bc4 Qd6 7. O-O Nf6 8.
Nb3 Nc6 9. Nbxd4 Nxd4 10. Nxd4 a6 11. c3 Qc7 12. Bb3 Bd6 13. h3 O-O 14. Qd3 h6
15. Be3 Rd8 16. Qc2 b6 17. Rad1 Bb7 18. Rfe1 e5 19. Nf3 Bxf3 20. gxf3 Bc5 21.
Bxh6 e4 22. Be3 Rxd1 23. Rxd1 exf3 24. Bxc5 Qxc5 25. Qg6 Qe7 26. Qd3 Qb7 27.
Re1 Re8 28. Rxe8+ Nxe8 29. Qd5 Qe7 30. Qxf3 Qg5+ 31. Kh2 Nf6 32. Qe3 Qh4 33.
Qg3 Qe4 34. Qc7 Qg6 35. Qd8+ Kh7 36. Qd4 Kg8 37. Bc4 Qg5 38. Bxa6 Nd5 39. Bf1
Nf4 40. Qxb6 Qe5 41. Qd8+ Kh7 42. Qd4 Qb8 43. Kg1 Ne6 44. Qe4+ g6 45. b4 1-0

[Event "SV Wattenscheid 1 - SVG Plettenberg 1"]
[Site "Oberliga NRW 2014/2015"]
[Date "2015.02.08"]
[Round "6.5"]
[White "Bouaraba, Max"]
[Black "Thiel, Thomas"]
[Result "1-0"]
[WhiteElo "2192"]
[BlackElo "2296"]
[PlyCount "67"]
[EventDate "2015.??.??"]
[WhiteTeam "SVG Plettenberg 1"]
[BlackTeam "SV Wattenscheid 1"]

1. d4 d5 2. Bf4 c5 3. e3 Nc6 4. Nf3 Nf6 5. Nc3 Bg4 6. dxc5 Qa5 7. Bb5 a6 8.
Bxc6+ bxc6 9. Qd4 Bxf3 10. b4 Qa3 11. gxf3 Nd7 12. Rb1 a5 13. b5 e5 14. Bxe5
Bxc5 15. Qd1 Nxe5 16. Rb3 Qb4 17. Rxb4 Bxb4 18. Qa1 d4 19. exd4 Nxf3+ 20. Kf1
O-O-O 21. a3 Nd2+ 22. Kg2 Rd6 23. Rd1 Rg6+ 24. Kh1 Bxc3 25. Qxc3 Ne4 26. Qf3
Re8 27. Rf1 cxb5 28. Qf5+ Ree6 29. Qxb5 Rgf6 30. f3 Nd2 31. d5 Re5 32. Qc5+ Kb7
33. Rd1 Re2 34. Qb5+ 1-0

[Event "SV Wattenscheid 1 - SVG Plettenberg 1"]
[Site "Oberliga NRW 2014/2015"]
[Date "2015.02.08"]
[Round "6.6"]
[White "Franke, Johannes"]
[Black "Schulze, Marc"]
[Result "0-1"]
[WhiteElo "2279"]
[BlackElo "2072"]
[PlyCount "64"]
[EventDate "2015.??.??"]
[WhiteTeam "SV Wattenscheid 1"]
[BlackTeam "SVG Plettenberg 1"]

1. e4 c5 2. Nc3 g6 3. f4 Bg7 4. Nf3 Nc6 5. Bc4 e6 6. e5 d6 7. Bb5 Nge7 8. exd6
Qxd6 9. Ne4 Qxf4 10. d3 Qc7 11. O-O O-O 12. Bxc6 Nxc6 13. c3 b6 14. Bg5 f5 15.
Ned2 Ba6 16. Qe2 e5 17. Nc4 h6 18. Bh4 Bxc4 19. dxc4 e4 20. Ne1 g5 21. Bf2 Rae8
22. Kh1 Qf7 23. Rd1 Ne5 24. b3 Ng4 25. Bg3 Rd8 26. Nc2 Qe6 27. h3 Nf6 28. Bc7
Rxd1 29. Rxd1 f4 30. Kh2 Rc8 31. Rd8+ Rxd8 32. Bxd8 Qd6 0-1